000 00392nam a2200145Ia 4500
008 100122s9999 xx 000 0 und d
082 _b12248
_a823
100 _aनांगरे बलराम
245 _aदैवरेखा
260 _bगं.रा.पाठक
_c1964
300 _a148
630 _aदैवरेखा
730 _aदैवरेखा
942 _cBOOK
999 _c403445
_d403442